三國演義
| 資料類型: | 圖書 | 書目號: | 48223 |
Leader xxxxxxxxxx 001 __ PCLIS00048223 005 __ 20150427160438.38 010 0_ |a957-|b平裝|dNT$128 020 __ |acw|b82005151 100 __ |a20150427d2015 0chib0109 e 101 0_ |achi 102 __ |acw 105 __ |aa z 000yy 200 1_ |a三國演義|e|f羅貫中|g 205 __ |a初版 210 __ |a新北市|c漢宇國際文化|d民95年 215 0_ |a面|c圖, 表|d公分 225 1_ |a|v 300 __ |a 681 __ |a857.45|b 700 __ |a羅貫中|b|4 702 _1 |a|b|4 801 __ |acw|b本館|c20150427 |